[Event "I Weekend A"]
[Site "Biella ITA"]
[Date "2010.09.25"]
[Round "3"]
[White "Cossar, Claudio"]
[Black "Rocchi, Enrico"]
[Result "1-0"]
[WhiteElo "1775"]
[BlackElo "1966"]
[PlyCount "47"]
[EventDate "2010.09.24"]

1. b3 e5 2. Bb2 Nc6 3. e3 Nf6 4. Bb5 d6 5. d4 exd4 6. exd4 a6 7. Be2 d5 8. Nf3
Be7 9. O-O O-O 10. c4 Bf5 11. Nc3 h6 12. Rc1 Be6 13. Ne5 Nxe5 14. dxe5 Ne4 15.
Nxd5 Bg5 16. f4 Bh4 17. g3 Nxg3 18. hxg3 Bxg3 19. Kg2 Bh4 20. Rh1 Rb8 21. Bf3
b5 22. cxb5 axb5 23. Nxc7 Qe7 24. Qd6 1-0

[Event "I Weekend A"]
[Site "Biella ITA"]
[Date "2010.09.25"]
[Round "3"]
[White "Costantino, Gian Franco"]
[Black "Siclari, Alberto"]
[Result "1-0"]
[WhiteElo "1758"]
[BlackElo "1521"]
[PlyCount "77"]
[EventDate "2010.09.24"]

1. d4 f5 2. Nf3 Nf6 3. e3 g6 4. c4 d6 5. Nc3 Bg7 6. Bd3 O-O 7. O-O Nc6 8. e4
Nh5 9. exf5 Bxf5 10. Bxf5 Rxf5 11. g4 Rxf3 12. Qxf3 Nf6 13. Be3 Qd7 14. h3 Rf8
15. Qg3 h6 16. Rad1 Nh7 17. f4 e6 18. Qg2 b6 19. d5 Bxc3 20. dxc6 Qe7 21. bxc3
Rf7 22. Rde1 Nf8 23. Bd4 Kh7 24. Qe4 Qh4 25. Kh2 Qe7 26. Kg3 Kg8 27. h4 a5 28.
f5 e5 29. fxg6 Rg7 30. Rf7 Rxf7 31. gxf7+ Qxf7 32. Be3 Kg7 33. Re2 Ne6 34. Rf2
Qe7 35. Qf5 a4 36. g5 h5 37. Qf6+ Qxf6 38. Rxf6 Nd8 39. Rxd6 1-0

[Event "I Weekend A"]
[Site "Biella ITA"]
[Date "2010.09.25"]
[Round "3"]
[White "Crepaldi, Marco"]
[Black "Petrone, Gianmario"]
[Result "1-0"]
[WhiteElo "1917"]
[BlackElo "1766"]
[PlyCount "63"]
[EventDate "2010.09.24"]

1. e4 c5 2. Nf3 d6 3. d4 cxd4 4. Nxd4 Nf6 5. Nc3 a6 6. f4 e5 7. Nf3 exf4 8.
Bxf4 Be7 9. Qd2 Nh5 10. O-O-O Nxf4 11. Qxf4 O-O 12. e5 dxe5 13. Qxe5 Qe8 14.
Nd5 Nc6 15. Qg3 Nb4 16. Nxb4 Bxb4 17. Bd3 Ba5 18. Ng5 h6 19. Nh7 Qe6 20. Nxf8
Qxa2 21. c3 Kxf8 22. Bb1 Qa1 23. Qd3 Be6 24. h3 Rc8 25. Qe4 b5 26. Rd2 b4 27.
Rf1 bxc3 28. bxc3 Bxc3 29. Qxe6 Bxd2+ 30. Kxd2 Qb2+ 31. Ke3 Rc3+ 32. Bd3 1-0

[Event "I Weekend A"]
[Site "Biella ITA"]
[Date "2010.09.25"]
[Round "3"]
[White "De Francisci, Luigi"]
[Black "Briata, Federico"]
[Result "1-0"]
[WhiteElo "1898"]
[BlackElo "1542"]
[PlyCount "37"]
[EventDate "2010.09.24"]

1. d4 d5 2. e4 dxe4 3. Nc3 Nf6 4. f3 exf3 5. Nxf3 e6 6. Bd3 Nc6 7. Ne2 Be7 8.
c3 b6 9. O-O Bb7 10. Qe1 Qd7 11. b4 O-O 12. Qh4 Qd5 13. Bg5 g6 14. Bxf6 Bxf6
15. Qxf6 Rad8 16. Nf4 Qd6 17. Nh5 gxh5 18. Ng5 Ne7 19. Bxh7# 1-0

[Event "I Weekend A"]
[Site "Biella ITA"]
[Date "2010.09.25"]
[Round "3"]
[White "De Luca, Fabio"]
[Black "Giordanetti, Giuseppe"]
[Result "1/2-1/2"]
[WhiteElo "1803"]
[BlackElo "1523"]
[PlyCount "133"]
[EventDate "2010.09.24"]

1. e4 c5 2. Nf3 Nc6 3. d4 cxd4 4. c3 dxc3 5. Nxc3 e6 6. Bc4 a6 7. O-O b5 8. Bb3
Bb7 9. Qe2 d6 10. Rd1 Qc7 11. Bf4 Rd8 12. Rac1 Be7 13. Nd5 Qb8 14. Nxe7 Ngxe7
15. Qd3 e5 16. Bg5 O-O 17. Qd2 Rfe8 18. Bd5 Qa8 19. Nh4 Rd7 20. Qe3 Nxd5 21.
exd5 Ne7 22. Qg3 Ng6 23. Qg4 Bc8 24. Nf5 f6 25. Be3 Rf7 26. Qe4 Qb8 27. Bd2 Ne7
28. Nxe7+ Rfxe7 29. Bb4 Bb7 30. Rd3 Rc8 31. Rdc3 Rxc3 32. Bxc3 Qe8 33. Rd1 Rc7
34. Bb4 Rc4 35. Qe1 Bxd5 36. f3 Qc6 37. Qd2 Rd4 38. Qe1 Qb6 39. Kh1 Qc6 40.
Rxd4 exd4 41. h3 Kf7 42. Qg3 g5 43. a3 h5 44. Qxd6 Qxd6 45. Bxd6 d3 46. Bb4 Ke6
47. Kg1 f5 48. Kf2 f4 49. Ke1 Kf5 50. Kd2 Bc4 51. Bd6 g4 52. h4 gxf3 53. gxf3
Bd5 54. Kxd3 Bxf3 55. Be7 Be4+ 56. Ke2 Kg4 57. Kf1 f3 58. Bf6 Kf5 59. Bd8 Kg4
60. Bg5 a5 61. Be7 Kf5 62. Bd8 Kg4 63. Be7 b4 64. axb4 axb4 65. Bf6 b3 66. Be7
Kf5 67. Bd8 1/2-1/2

[Event "I Weekend A"]
[Site "Biella ITA"]
[Date "2010.09.25"]
[Round "3"]
[White "Di Chiara, Mauro"]
[Black "Siclari, Giovanni"]
[Result "0-1"]
[WhiteElo "1949"]
[BlackElo "1443"]
[PlyCount "56"]
[EventDate "2010.09.24"]

1. d4 f5 2. Nf3 Nf6 3. c4 g6 4. Nc3 Bg7 5. g3 d6 6. Bg2 O-O 7. O-O Nc6 8. d5
Ne5 9. Nxe5 dxe5 10. b3 e4 11. e3 Ng4 12. Bb2 Ne5 13. Qc2 Nd3 14. Ba3 Re8 15.
Rad1 e6 16. dxe6 Bxe6 17. Nxe4 fxe4 18. Bxe4 Qf6 19. Rxd3 Bh3 20. Bg2 Bf5 21.
e4 Bxe4 22. Bxe4 Rxe4 23. Rfd1 Rae8 24. R3d2 Qf3 25. Rd8 Bd4 26. Rxe8+ Rxe8 27.
h4 Bxf2+ 28. Kh2 Qxg3+ 0-1

[Event "I Weekend A"]
[Site "Biella ITA"]
[Date "2010.09.25"]
[Round "3"]
[White "Forno, Diego"]
[Black "Montilli, Vincenzo"]
[Result "1/2-1/2"]
[WhiteElo "1621"]
[BlackElo "1503"]
[PlyCount "51"]
[EventDate "2010.09.24"]

1. e4 c5 2. Nf3 d6 3. d4 cxd4 4. Nxd4 Nf6 5. Nc3 g6 6. Be3 Bg7 7. f3 O-O 8. Qd2
Nc6 9. O-O-O Nxd4 10. Bxd4 Be6 11. g4 Qa5 12. Kb1 Rfc8 13. g5 Nh5 14. Bxg7 Nxg7
15. h4 Nh5 16. Rg1 b5 17. Be2 b4 18. Nd5 Bxd5 19. Qxd5 Qxd5 20. Rxd5 Nf4 21.
Rd2 Nxe2 22. Rxe2 Rc4 23. Rd1 Kf8 24. b3 Rc3 25. Rd3 Rac8 26. f4 1/2-1/2

[Event "I Weekend A"]
[Site "Biella ITA"]
[Date "2010.09.25"]
[Round "3"]
[White "Gemelli, Giovanni"]
[Black "Lavino, Stefano"]
[Result "1/2-1/2"]
[WhiteElo "1500"]
[BlackElo "1755"]
[PlyCount "34"]
[EventDate "2010.09.24"]

1. e4 c6 2. d4 d5 3. e5 Bf5 4. Bd3 Bxd3 5. Qxd3 e6 6. Nf3 Qa5+ 7. c3 Nd7 8. O-O
c5 9. Bf4 Ne7 10. Na3 Ng6 11. Bd2 c4 12. Qb1 Bxa3 13. bxa3 Rb8 14. Qb4 Qxb4 15.
axb4 O-O 16. a4 f6 17. exf6 Nxf6 1/2-1/2

[Event "I Weekend A"]
[Site "Biella ITA"]
[Date "2010.09.25"]
[Round "3"]
[White "Giachino, Adriano"]
[Black "Pagani, Luca"]
[Result "0-1"]
[WhiteElo "1711"]
[BlackElo "1506"]
[PlyCount "66"]
[EventDate "2010.09.24"]

1. e4 c6 2. d4 d5 3. Nc3 dxe4 4. Nxe4 Nf6 5. Ng3 e6 6. Nf3 h6 7. Bc4 Bd6 8. Nf5
exf5 9. O-O O-O 10. Nh4 Ng4 11. Nf3 Be6 12. Bd3 b5 13. b3 f4 14. h3 Nf6 15. c3
Nbd7 16. Bc2 Nh7 17. Qd3 g6 18. Qe4 Bd5 19. Qd3 Ng5 20. Nh2 h5 21. f3 Nb6 22.
Bd2 Rc8 23. a4 bxa4 24. bxa4 Bc4 25. Qxc4 Nxc4 26. Be1 c5 27. Bb3 Ne3 28. Rf2
cxd4 29. cxd4 Qb6 30. Rb1 Qxd4 31. Rd2 Qe5 32. Bf2 Rc3 33. Ba2 Rfc8 0-1

[Event "I Weekend A"]
[Site "Biella ITA"]
[Date "2010.09.25"]
[Round "3"]
[White "Giordani, Pierino"]
[Black "Miracola, Massimiliano"]
[Result "0-1"]
[WhiteElo "1365"]
[BlackElo "1845"]
[PlyCount "58"]
[EventDate "2010.09.24"]

1. d4 Nf6 2. c4 g6 3. Nf3 Bg7 4. Nc3 d5 5. e3 O-O 6. Qc2 c5 7. b3 Nc6 8. a3
dxc4 9. Bxc4 cxd4 10. exd4 Nxd4 11. Qd3 Nxf3+ 12. Qxf3 Bg4 13. Qg3 Ne4 14. Qxg4
Bxc3+ 15. Kf1 Nf6 16. Qe2 Bxa1 17. Bb2 Bxb2 18. g3 Bxa3 19. Kg2 b5 20. Rd1 Qc7
21. Bxb5 Rad8 22. Ra1 Bc5 23. Bc4 Qd6 24. Qf3 Qd4 25. Be2 Qxa1 26. h4 Rd2 27.
h5 Qb2 28. hxg6 hxg6 29. Kh3 Rxe2 0-1

[Event "I Weekend A"]
[Site "Biella ITA"]
[Date "2010.09.25"]
[Round "3"]
[White "Guidi, Giacomo G."]
[Black "Scagliotti, Guglielmo"]
[Result "1-0"]
[WhiteElo "1942"]
[BlackElo "1781"]
[PlyCount "67"]
[EventDate "2010.09.24"]

1. Nf3 c5 2. g3 d5 3. Bg2 Nf6 4. O-O Nc6 5. d3 e5 6. Nbd2 Be7 7. e4 d4 8. h3
O-O 9. Nh2 Nd7 10. f4 f6 11. Ndf3 Nb6 12. f5 Bd7 13. g4 Be8 14. h4 c4 15. Rf2
cxd3 16. cxd3 Rc8 17. g5 Bf7 18. Bh3 Rc7 19. Rg2 Qc8 20. Ng4 Bh5 21. gxf6 Bxf6
22. Ng5 Bxg5 23. hxg5 Kh8 24. Qe1 Nb4 25. Qxb4 Rxc1+ 26. Rxc1 Qxc1+ 27. Kh2
Qf4+ 28. Kh1 Rc8 29. Rg1 Qf3+ 30. Kh2 Bxg4 31. Rxg4 Qxd3 32. f6 g6 33. Qe7 Qc2+
34. Rg2 1-0

[Event "I Weekend A"]
[Site "Biella ITA"]
[Date "2010.09.25"]
[Round "3"]
[White "Marinone, Lucio"]
[Black "Burani, Eugenio"]
[Result "1-0"]
[WhiteElo "1997"]
[BlackElo "1899"]
[PlyCount "89"]
[EventDate "2010.09.24"]

1. d4 Nf6 2. c4 c5 3. d5 e6 4. Nc3 exd5 5. cxd5 d6 6. e4 g6 7. Nf3 Bg7 8. Be2
a6 9. a4 Bg4 10. O-O Bxf3 11. Bxf3 Nbd7 12. Be2 O-O 13. Bg5 Re8 14. Qc2 Qc7 15.
Rfe1 h6 16. Bh4 g5 17. Bg3 Ne5 18. Nd1 Ng6 19. f3 Nh5 20. Bf2 Ne7 21. Ne3 Qd7
22. a5 Rf8 23. Rad1 Rae8 24. Bf1 f5 25. exf5 Nxf5 26. Nxf5 Rxe1 27. Rxe1 Rxf5
28. g4 Rxf3 29. gxh5 Qg4+ 30. Kh1 Qxh5 31. Qe2 Be5 32. Bg1 g4 33. Qg2 Rb3 34.
Re2 Qg5 35. Rc2 h5 36. Bc4 Rh3 37. Rf2 Qc1 38. Qf1 Qxf1 39. Bxf1 Rb3 40. Rf5
Rxb2 41. Rxh5 Rb4 42. Be2 Kf7 43. Bxc5 Rb1+ 44. Bg1 Kg6 45. Rxe5 1-0

[Event "I Weekend A"]
[Site "Biella ITA"]
[Date "2010.09.25"]
[Round "3"]
[White "Miracola, Giorgia"]
[Black "Forno, Roberto"]
[Result "0-1"]
[WhiteElo "1747"]
[BlackElo "1931"]
[PlyCount "68"]
[EventDate "2010.09.24"]

1. e4 c5 2. Nf3 a6 3. d4 cxd4 4. Nxd4 Nf6 5. Nc3 e5 6. Nf3 d6 7. Be3 Be7 8. Bc4
O-O 9. Nd5 Nxd5 10. Bxd5 Nd7 11. O-O Nf6 12. c4 Ng4 13. Re1 Nxe3 14. Rxe3 Kh8
15. c5 Qc7 16. Qb3 dxc5 17. Bxf7 b5 18. Bd5 Rb8 19. Qc3 Bd6 20. Ng5 Qe7 21. Nh3
c4 22. Rf3 Bd7 23. a3 Bc5 24. Rf1 Bd4 25. Rxf8+ Rxf8 26. Qc1 Bxh3 27. gxh3 Rf4
28. Qd2 Qh4 29. Kg2 Qg5+ 30. Kh1 Qh5 31. Qd1 Qxh3 32. Qe2 Rf3 33. Be6 Qh5 34.
Kg2 Rg3+ 0-1

[Event "I Weekend A"]
[Site "Biella ITA"]
[Date "2010.09.25"]
[Round "3"]
[White "Monticone, Sonia"]
[Black "Moncelli, Giorgio"]
[Result "0-1"]
[WhiteElo "1827"]
[BlackElo "2089"]
[PlyCount "110"]
[EventDate "2010.09.24"]

1. c4 c5 2. Nc3 g6 3. g3 Bg7 4. Bg2 Nc6 5. e3 e5 6. Nge2 Nge7 7. O-O O-O 8. b3
d6 9. Bb2 f5 10. d3 Be6 11. Rc1 Rc8 12. d4 exd4 13. exd4 Nxd4 14. Bxb7 Rb8 15.
Bg2 Bxc4 16. bxc4 Rxb2 17. Nxd4 cxd4 18. Nb5 Qb6 19. Qd3 a6 20. Qa3 d3 21. Nxd6
d2 22. Rcd1 Bd4 23. Nb7 Nc6 24. Qd6 Rf6 25. Qd7 Qxb7 26. Bd5+ Kf8 27. Bxc6 Qxd7
28. Bxd7 Rxa2 29. Kg2 Rd6 30. Bc8 Rc6 31. Bb7 Rxc4 32. Bd5 Rcc2 33. Bxa2 Rxa2
34. Kf3 a5 35. Ke2 a4 36. Kd3 Bf6 37. Kc4 Rb2 38. f4 a3 39. Kd3 a2 40. Ke2 Rc2
41. Rxd2 Rxd2+ 42. Kxd2 a1=Q 43. Rxa1 Bxa1 44. Ke3 Ke7 45. h3 Ke6 46. Kf3 Kd5
47. Ke3 Bd4+ 48. Kf3 Bc5 49. g4 h5 50. gxh5 gxh5 51. Kg2 Ke4 52. Kg3 Be7 53.
Kg2 Kxf4 54. Kf2 Bc5+ 55. Kg2 Ke3 0-1

[Event "I Weekend A"]
[Site "Biella ITA"]
[Date "2010.09.25"]
[Round "3"]
[White "Monzeglio, Graziella"]
[Black "Leopardi, Stefano"]
[Result "0-1"]
[WhiteElo "1218"]
[BlackElo "1599"]
[PlyCount "34"]
[EventDate "2010.09.24"]

1. d4 Nf6 2. Nf3 e6 3. e3 b6 4. Bd3 Be7 5. Nbd2 Bb7 6. O-O O-O 7. c3 c5 8. Re1
Nc6 9. e4 cxd4 10. cxd4 d6 11. Qe2 Rc8 12. a3 h6 13. b4 Qd7 14. e5 dxe5 15.
dxe5 Nd5 16. Bb2 Nf4 17. Qe4 Nxd3 0-1

[Event "I Weekend A"]
[Site "Biella ITA"]
[Date "2010.09.25"]
[Round "3"]
[White "Pedemonte, Claudio"]
[Black "Bazzeato, Stefano"]
[Result "0-1"]
[WhiteElo "1808"]
[BlackElo "2052"]
[PlyCount "74"]
[EventDate "2010.09.24"]

1. c4 Nf6 2. Nc3 e6 3. e4 d5 4. e5 d4 5. exf6 dxc3 6. bxc3 Qxf6 7. d4 c5 8. Nf3
h6 9. a3 Bd6 10. Bd3 O-O 11. O-O Nc6 12. Be3 Rd8 13. Bc2 Bf8 14. Qe2 b6 15. Be4
Bb7 16. Rfd1 Na5 17. Bxb7 Nxb7 18. Ne5 Rac8 19. Rd2 Na5 20. Rad1 cxd4 21. Bxd4
Qf5 22. Rd3 f6 23. Rf3 Qh5 24. g4 Qe8 25. g5 fxe5 26. Qxe5 Nxc4 27. Qg3 e5 28.
Re1 Qg6 29. Qh3 Re8 30. Be3 Nxe3 31. Rexe3 Bc5 32. Rxe5 Rxe5 33. Qxc8+ Kh7 34.
Rg3 Rxg5 35. Qc7 a5 36. Kg2 Qe4+ 37. Kg1 Qe1+ 0-1

[Event "I Weekend A"]
[Site "Biella ITA"]
[Date "2010.09.25"]
[Round "3"]
[White "Penna, Tommaso"]
[Black "Caldi, Mario"]
[Result "1/2-1/2"]
[WhiteElo "1705"]
[BlackElo "1870"]
[PlyCount "122"]
[EventDate "2010.09.24"]

1. d4 Nf6 2. c4 g6 3. Nc3 Bg7 4. e4 d6 5. f3 O-O 6. Be3 e5 7. Nge2 exd4 8. Nxd4
Bd7 9. Be2 Nc6 10. Nc2 a6 11. O-O Re8 12. Qd2 h5 13. Rfd1 Qe7 14. Rac1 Kh7 15.
b4 Ng8 16. c5 Be6 17. cxd6 cxd6 18. Nd5 Bxd5 19. Qxd5 Red8 20. Bc4 Ne5 21. Bb6
Rd7 22. Ne3 h4 23. Be2 Nf6 24. Qd2 Bh6 25. Rc2 Nh5 26. Nd5 Qe6 27. Be3 Bxe3+
28. Qxe3 Nf6 29. Nb6 Rg8 30. Nxd7 Nfxd7 31. Rcd2 Nc4 32. Bxc4 Qxc4 33. Rxd6 Nf8
34. R1d5 Ne6 35. f4 Qxb4 36. f5 Ng5 37. Rb6 Qxe4 38. Qxe4 Nxe4 39. fxg6+ fxg6
40. Rxb7+ Kh6 41. Rb4 Re8 42. Rdd4 Nc3 43. Rxh4+ Kg5 44. Rhc4 Nd1 45. h4+ Kh5
46. Rc5+ Kh6 47. Kf1 Ne3+ 48. Kf2 Nd1+ 49. Kf3 Rf8+ 50. Ke2 Nf2 51. Ra5 Nh1 52.
Rb3 Rf2+ 53. Ke1 Rxg2 54. Kf1 Rg4 55. Rh3 Ng3+ 56. Kg2 Nf5+ 57. Kf3 Rc4 58.
Rxa6 Nxh4+ 59. Kg3 Kh5 60. Rxh4+ Rxh4 61. Rxg6 Ra4 1/2-1/2

[Event "I Weekend A"]
[Site "Biella ITA"]
[Date "2010.09.25"]
[Round "3"]
[White "Rambaldi, Francesco"]
[Black "Tolva, Giuseppe"]
[Result "1-0"]
[WhiteElo "2015"]
[BlackElo "1803"]
[PlyCount "49"]
[EventDate "2010.09.24"]

1. e4 c5 2. Nf3 g6 3. d4 cxd4 4. Nxd4 Bg7 5. c4 Nc6 6. Be3 Nf6 7. Nc3 O-O 8.
Be2 e6 9. Ndb5 d5 10. cxd5 exd5 11. exd5 Ne5 12. Bc5 Bf5 13. Bxf8 Bxf8 14. Nd4
Bd7 15. O-O Rc8 16. Qb3 Bc5 17. Nf3 Nfg4 18. Nxe5 Nxe5 19. Ne4 Bb6 20. Rac1 Qh4
21. Rxc8+ Bxc8 22. Ng3 Bd7 23. Kh1 Bg4 24. Qa4 Qg5 25. f4 1-0

[Event "I Weekend A"]
[Site "Biella ITA"]
[Date "2010.09.25"]
[Round "3"]
[White "Raselli, Claudio"]
[Black "Bargeri, Ludovico"]
[Result "0-1"]
[WhiteElo "1961"]
[BlackElo "1545"]
[PlyCount "96"]
[EventDate "2010.09.24"]

1. d4 d5 2. c4 c6 3. Nf3 Nf6 4. Qc2 dxc4 5. Qxc4 Bf5 6. e3 e6 7. Bd3 Bxd3 8.
Qxd3 Nbd7 9. Nc3 Bd6 10. e4 e5 11. O-O O-O 12. Bg5 Re8 13. Rad1 Bc7 14. Qc2 Qb8
15. h3 h6 16. Be3 b6 17. d5 cxd5 18. Nxd5 Nxd5 19. Rxd5 Nf6 20. Rdd1 Qb7 21.
Rfe1 Rac8 22. Qe2 Qxe4 23. Nd2 Qg6 24. Nc4 Bb8 25. Nd6 Bxd6 26. Rxd6 Rc2 27.
Qb5 Rcc8 28. Qa4 Ra8 29. Rc1 Qe4 30. Qxe4 Nxe4 31. Rd7 Nf6 32. Rb7 Nd5 33. Rc4
Re7 34. Rxe7 Nxe7 35. Rc7 Nd5 36. Rd7 Nxe3 37. fxe3 a6 38. Rb7 b5 39. Re7 f6
40. Rb7 Rc8 41. Rb6 Rc1+ 42. Kh2 Rc2 43. Rxa6 Rxb2 44. Kg3 Kf7 45. Ra7+ Kg6 46.
e4 Rb4 47. Kf3 Ra4 48. Rb7 Ra3+ 0-1

[Event "I Weekend A"]
[Site "Biella ITA"]
[Date "2010.09.25"]
[Round "3"]
[White "Schingaro, Angelo"]
[Black "Guderzo, Mirella"]
[Result "1-0"]
[WhiteElo "1724"]
[BlackElo "1512"]
[PlyCount "81"]
[EventDate "2010.09.24"]

1. e4 e5 2. Nf3 d6 3. d4 Nc6 4. Bc4 h6 5. Nc3 Bg4 6. Be3 exd4 7. Bxd4 Nxd4 8.
Qxd4 Bxf3 9. gxf3 Nf6 10. O-O-O a6 11. Rhg1 c5 12. Qd2 Qb6 13. Nd5 Nxd5 14.
Bxd5 f6 15. Qf4 O-O-O 16. Rd3 Kb8 17. Rb3 Qc7 18. Rxb7+ Qxb7 19. Bxb7 Kxb7 20.
Qf5 Kc7 21. Qd5 Rb8 22. Rd1 h5 23. Rd3 h4 24. Ra3 Rb6 25. Qa8 g6 26. Rxa6 Rxa6
27. Qxa6 Bh6+ 28. Kd1 Bf4 29. Qa5+ Kc6 30. h3 Rh5 31. Qa6+ Kc7 32. a4 Rg5 33.
Qf1 d5 34. c3 Bh2 35. Kc2 Rg1 36. Qb5 Bd6 37. exd5 Kd8 38. a5 Rg2 39. a6 Rxf2+
40. Kb3 Rxf3 41. a7 1-0

[Event "I Weekend A"]
[Site "Biella ITA"]
[Date "2010.09.25"]
[Round "3"]
[White "Stefanini, Niccolo'"]
[Black "Migliorini, Matteo"]
[Result "1/2-1/2"]
[WhiteElo "1488"]
[BlackElo "1742"]
[PlyCount "93"]
[EventDate "2010.09.24"]

1. e4 e5 2. Nf3 Nc6 3. Nc3 Nf6 4. d4 exd4 5. Nxd4 Bb4 6. Nxc6 bxc6 7. Bd3 O-O
8. O-O d5 9. exd5 cxd5 10. Bg5 c6 11. h3 Bd6 12. Qf3 Rb8 13. Na4 h6 14. Bh4 Rb4
15. Bxf6 Qxf6 16. Qxf6 gxf6 17. b3 Kh8 18. Rfe1 Rg8 19. Kf1 c5 20. c4 d4 21.
Re2 Bd7 22. Nb2 Be5 23. Re4 Bc6 24. Rg4 Rxg4 25. hxg4 Rb8 26. f3 Bg3 27. Rd1
Re8 28. Bf5 Re7 29. Nd3 Bd6 30. Re1 Rxe1+ 31. Kxe1 Kg7 32. Ke2 Kf8 33. Nf2 Ke7
34. Be4 Bxe4 35. Nxe4 a5 36. Kd3 Ke6 37. g3 Be7 38. Ke2 f5 39. gxf5+ Kxf5 40.
Kd3 Ke5 41. Ke2 f5 42. Nd2 h5 43. f4+ Ke6 44. Nf3 Kf6 45. a3 Ke6 46. Kd3 Bf6
47. a4 1/2-1/2

[Event "I Weekend A"]
[Site "Biella ITA"]
[Date "2010.09.25"]
[Round "3"]
[White "Temi, Walter"]
[Black "Moratto, Davide"]
[Result "1-0"]
[WhiteElo "2098"]
[BlackElo "1854"]
[PlyCount "131"]
[EventDate "2010.09.24"]

1. e4 c6 2. d4 d5 3. exd5 cxd5 4. Bd3 g6 5. Nf3 Bg7 6. c3 Nf6 7. O-O O-O 8. Re1
Bg4 9. Nbd2 Nc6 10. h3 Bxf3 11. Nxf3 Nd7 12. Qb3 Nb6 13. Bg5 f6 14. Bh4 Qd7 15.
a4 Rae8 16. a5 Nc8 17. a6 Nb6 18. Bg3 Kh8 19. axb7 e5 20. dxe5 fxe5 21. Bb5
Qxb7 22. Bxc6 Qxc6 23. Nxe5 Bxe5 24. Bxe5+ Kg8 25. Rxa7 Nd7 26. Rc7 Qe6 27. f4
Rxf4 28. Bxf4 Qxe1+ 29. Kh2 Qe4 30. Bg3 Ne5 31. Qb5 Rf8 32. Rb7 h5 33. Rb8 Nf7
34. Rxf8+ Kxf8 35. Qc5+ Kg8 36. Qd4 Qe6 37. b4 g5 38. b5 h4 39. Bc7 Nd6 40. b6
Nb7 41. Qd2 Qf5 42. Qe3 Kf7 43. Qe2 Qe6 44. Qh5+ Qg6 45. Qf3+ Ke6 46. c4 Qf5
47. cxd5+ Qxd5 48. Qf8 Kd7 49. Qf6 Nd6 50. Qd8+ Kc6 51. Qxd6+ Qxd6+ 52. Bxd6
Kxd6 53. g4 Kc6 54. Kg2 Kxb6 55. Kf3 Kc6 56. Ke4 Kd6 57. Kf5 Ke7 58. Kxg5 Kf7
59. Kxh4 Kg6 60. Kg3 Kg5 61. h4+ Kh6 62. Kf4 Kg7 63. Kf5 Kf7 64. g5 Kg7 65. h5
Kf7 66. Ke5 1-0

[Event "I Weekend A"]
[Site "Biella ITA"]
[Date "2010.09.25"]
[Round "3"]
[White "Zannoni, Gianni"]
[Black "Trumpf, Walter"]
[Result "0-1"]
[WhiteElo "1812"]
[BlackElo "2060"]
[PlyCount "86"]
[EventDate "2010.09.24"]

1. Nf3 d5 2. g3 c5 3. Bg2 Nc6 4. d3 Nf6 5. Nbd2 Bg4 6. O-O Qd7 7. c3 Bh3 8. Qc2
Bxg2 9. Kxg2 h5 10. h4 e6 11. e4 Bd6 12. Re1 Qc7 13. exd5 Nxd5 14. Nc4 Be7 15.
Ng5 b5 16. Ne3 Nxe3+ 17. Bxe3 Ne5 18. Bf4 Qc6+ 19. Kg1 Ng6 20. Be3 Rd8 21. Rad1
Bf6 22. Ne4 Ne5 23. Qe2 Be7 24. Bf4 Ng4 25. f3 Nf6 26. Nxf6+ Bxf6 27. Qe4 Qb6
28. Kg2 O-O 29. Be5 Bxe5 30. Qxe5 Rd5 31. Qe4 Rfd8 32. Re2 Qd6 33. Red2 g5 34.
hxg5 Rxg5 35. g4 Re5 36. Qb7 hxg4 37. fxg4 Re3 38. Rf2 Rd7 39. Qa8+ Kg7 40. Rh1
Rg3+ 41. Kf1 Qxd3+ 42. Re2 Rf3+ 43. Kg1 Qd1+ 0-1

[Event "I Weekend A"]
[Site "Biella ITA"]
[Date "2010.09.24"]
[Round "1"]
[White "Arnaudov, G. Petar"]
[Black "Tolva, Giuseppe"]
[Result "1-0"]
[WhiteElo "2442"]
[BlackElo "1803"]
[PlyCount "35"]
[EventDate "2010.09.24"]

1. Nf3 d5 2. d4 Bf5 3. c4 dxc4 4. Nc3 Nf6 5. e3 e6 6. Bxc4 c5 7. O-O Nbd7 8.
Nh4 Bg6 9. d5 exd5 10. Nxd5 Be4 11. Nc3 Bc6 12. Qb3 Ne5 13. Rd1 Qc7 14. Nb5 Qb8
15. Bxf7+ Nxf7 16. Qe6+ Be7 17. Nf5 Qe5 18. Nfd6+ 1-0

[Event "I Weekend A"]
[Site "Biella ITA"]
[Date "2010.09.24"]
[Round "1"]
[White "Cossar, Claudio"]
[Black "Vezzosi, Paolo"]
[Result "0-1"]
[WhiteElo "1775"]
[BlackElo "2347"]
[PlyCount "52"]
[EventDate "2010.09.24"]

1. d4 f5 2. e4 fxe4 3. Nc3 Nf6 4. Bg5 Nc6 5. f3 e3 6. Bxe3 e5 7. d5 Ne7 8. Nh3
c6 9. Bg5 cxd5 10. Bxf6 gxf6 11. Nxd5 Qa5+ 12. Nc3 d5 13. Bb5+ Kf7 14. f4 e4
15. Qh5+ Kg8 16. O-O-O Be6 17. Ba4 Bg7 18. Bb3 Bf7 19. Qe2 Rd8 20. g4 h5 21.
Rhg1 hxg4 22. Qxg4 Rh7 23. Qg2 Kf8 24. Kb1 Nf5 25. Rde1 Nh4 26. Nxe4 Nxg2 0-1

[Event "I Weekend A"]
[Site "Biella ITA"]
[Date "2010.09.24"]
[Round "1"]
[White "Costantino, Gian Franco"]
[Black "Profumo, Alberto"]
[Result "0-1"]
[WhiteElo "1758"]
[BlackElo "2250"]
[PlyCount "108"]
[EventDate "2010.09.24"]

1. d4 Nf6 2. Nf3 g6 3. e3 Bg7 4. c4 O-O 5. Nc3 d6 6. g3 Nbd7 7. Bg2 e5 8. O-O
c6 9. b3 Re8 10. Rb1 e4 11. Nd2 d5 12. cxd5 cxd5 13. b4 Nf8 14. Qb3 Bf5 15. a4
Qd7 16. Ba3 Rac8 17. Rfc1 Ne6 18. Ne2 Bg4 19. Bf1 Ng5 20. Nf4 Red8 21. Rc5 Bf8
22. Rxc8 Rxc8 23. Rc1 Rxc1 24. Bxc1 Nh3+ 25. Bxh3 Bxh3 26. Nxh3 Qxh3 27. b5 Qh5
28. Nf1 Qf3 29. h3 h5 30. Nh2 Qe2 31. Ba3 Qd3 32. Qxd3 exd3 33. Bc1 Bb4 34. Nf3
Ne4 35. Kf1 d2 36. Nxd2 Nxd2+ 37. Ke2 Nc4 38. f3 f5 39. Kd3 Kf7 40. e4 Ke6 41.
e5 Be1 42. g4 Nb6 43. Kc2 Nxa4 44. Kb3 Nb6 45. Ba3 Nc4 46. Bc1 Nd2+ 47. Bxd2
Bxd2 48. Kc2 Bf4 49. Kc3 hxg4 50. hxg4 Be3 51. Kd3 Bg1 52. Kc3 a6 53. bxa6 bxa6
54. gxf5+ gxf5 0-1

[Event "I Weekend A"]
[Site "Biella ITA"]
[Date "2010.09.24"]
[Round "1"]
[White "De Luca, Fabio"]
[Black "Genocchio, Daniele"]
[Result "0-1"]
[WhiteElo "1803"]
[BlackElo "2449"]
[PlyCount "62"]
[EventDate "2010.09.24"]

1. e4 c5 2. Nf3 Nc6 3. d4 cxd4 4. c3 Nf6 5. e5 Nd5 6. Bc4 e6 7. cxd4 d6 8. O-O
Be7 9. exd6 Qxd6 10. Nc3 Nxc3 11. bxc3 O-O 12. a4 b6 13. Ba3 Qc7 14. Bxe7 Nxe7
15. Bd3 Qxc3 16. Bxh7+ Kxh7 17. Ng5+ Kg8 18. Rc1 Qa3 19. Ra1 Qc3 20. Rc1 Qa5
21. Rc5 Qa6 22. Rc3 f6 23. Ne4 Qa5 24. Rh3 Bb7 25. Nd6 Qd5 26. Nxb7 Qxb7 27.
Qg4 Qd5 28. Re1 Rac8 29. Rh5 Nf5 30. Qh3 Qc4 31. Rd1 Qc1 0-1

[Event "I Weekend A"]
[Site "Biella ITA"]
[Date "2010.09.24"]
[Round "1"]
[White "Lanzani, Mario"]
[Black "Scagliotti, Guglielmo"]
[Result "1-0"]
[WhiteElo "2360"]
[BlackElo "1781"]
[PlyCount "61"]
[EventDate "2010.09.24"]

1. e4 c5 2. c3 e6 3. d4 d5 4. exd5 Qxd5 5. Nf3 Nc6 6. Bd3 Nf6 7. O-O cxd4 8.
cxd4 Be7 9. Nc3 Qd8 10. a3 O-O 11. Re1 a6 12. Bc2 Qc7 13. Qd3 h6 14. Ne4 Nxe4
15. Qxe4 f5 16. Qd3 Rd8 17. Bb3 Qd6 18. Qxf5 Nxd4 19. Nxd4 Qxd4 20. Bxe6+ Kh8
21. Bxc8 Raxc8 22. Bxh6 Rf8 23. Bxg7+ Qxg7 24. Qh3+ Kg8 25. Qe6+ Qf7 26. Qxe7
Qxf2+ 27. Kh1 Rce8 28. Qg5+ Kh8 29. Qh6+ Kg8 30. Qg6+ Kh8 31. Rxe8 1-0

[Event "I Weekend A"]
[Site "Biella ITA"]
[Date "2010.09.24"]
[Round "1"]
[White "Maffeo, Mauro"]
[Black "Marholev, Dimitar"]
[Result "0-1"]
[WhiteElo "1802"]
[BlackElo "2407"]
[PlyCount "106"]
[EventDate "2010.09.24"]

1. d4 Nf6 2. Nf3 g6 3. Nbd2 d5 4. e3 Bg7 5. Be2 O-O 6. O-O Nbd7 7. h3 c5 8. c3
b6 9. Nh2 e5 10. Ndf3 e4 11. Nd2 Re8 12. f3 exf3 13. Ndxf3 Bb7 14. Bd3 Ne4 15.
Bxe4 dxe4 16. Ne1 h5 17. b4 c4 18. Rf2 Qg5 19. Qe2 Rac8 20. Qf1 f5 21. a4 Nf6
22. Bd2 Nd5 23. Qe2 Qh4 24. Nc2 Bf8 25. Na3 Ba6 26. b5 Bxa3 27. Rxa3 Bb7 28. a5
Rc7 29. Ra4 Rec8 30. axb6 axb6 31. Nf1 Qe7 32. Qd1 Qe8 33. Qb1 Ra8 34. Rxa8
Qxa8 35. Be1 Bc8 36. Ra2 Ra7 37. Rxa7 Qxa7 38. Bg3 Qa3 39. Be5 Nxc3 40. Qe1 Nd5
41. Qg3 Kf7 42. Bh8 Qf8 43. Be5 c3 44. Bd6 Qe8 45. Ba3 f4 46. Qg5 Bf5 47. Qh6
Qg8 48. Qg5 Qb8 49. Bd6 c2 50. Qh6 c1=Q 51. Qh7+ Ke8 52. Qg7 Qxf1+ 53. Kxf1
Qxd6 0-1